000 00223nam a2200097Ia 4500
008 120527s9999 xx 000 0 und d
100 _aEEN, Gillis
245 _aMore Innovations for development
260 _bIT
942 _cBK
999 _c25181
_d25181